Sinh học 8 Sách giáo viên

Shranjeno v:
Bibliografske podrobnosti
Glavni avtor: Nguyễn, Quang Vinh
Drugi avtorji: Trần, Đăng Cát
Format: Knjiga
Jezik:Undetermined
Izdano: H. Giáo dục 2006
Teme:
Online dostop:http://lrc.tdmu.edu.vn/opac/search/detail.asp?aID=2&ID=5016
Oznake: Označite
Brez oznak, prvi označite!
Thư viện lưu trữ: Trung tâm Học liệu Trường Đại học Thủ Dầu Một
LEADER 00672nam a2200217Ia 4500
001 TDMU_5016
008 210410s9999 xx 000 0 und d
082 |a 373.23635 072 
090 |b NG525 
100 |a Nguyễn, Quang Vinh 
245 0 |a Sinh học 8 
245 0 |b Sách giáo viên 
245 0 |c Nguyễn Quang Vinh 
260 |a H. 
260 |b Giáo dục 
260 |c 2006 
300 |a 264tr 
650 |a Sinh học  |x Dạy và học; Sách lớp 8  |v Giáo viên 
700 |a Trần, Đăng Cát 
856 |u http://lrc.tdmu.edu.vn/opac/search/detail.asp?aID=2&ID=5016 
980 |a Trung tâm Học liệu Trường Đại học Thủ Dầu Một